| 000 | 00490nam a2200169Ia 4500 | ||
|---|---|---|---|
| 003 | OSt | ||
| 005 | 20220319082228.0 | ||
| 008 | 211109s9999||||xx |||||||||||||| ||und|| | ||
| 040 | _csbcl | ||
| 082 |
_a824 _bVER-I |
||
| 100 | _aVerity, A W | ||
| 245 | 0 | _aInfluence of Christopher Marlowe on Shakspere's Earlier style | |
| 260 |
_bMacmillan and Bowes _aCambridge |
||
| 630 | _xGeneral Stack | ||
| 650 |
_vEnglish essays _aEnglish & Old English literatures _xLiterature & rhetoric |
||
| 942 | _cBOOK | ||
| 999 |
_c244 _d244 |
||